| 000 | 00987nam a2200229Ia 4500 | ||
|---|---|---|---|
| 001 | 271.778-TES (4554) | ||
| 003 | IT-MiSPE | ||
| 008 | 171229s9999||||xx |||||||||||||| ||und|| | ||
| 040 |
_aIT-MiSPE _cIT-MiSPE |
||
| 041 | _aITALIANO | ||
| 100 | _aAA.VV. | ||
| 245 | 0 |
_aTestimonianze _bLa storia spirituale paolina: Interviste |
|
| 250 | _a1a ed. (v) | ||
| 260 |
_aAriccia _bCentro Spir. Paol. _c1974 ss. |
||
| 300 |
_a224 p. _c28 cm |
||
| 501 | _aEdizioni San Paolo srl - Piazza Soncino, 5 - 20092 CINISELLO BALSAMO (MI) (non commercial uses only) ® Copyright 2018 | ||
| 520 | _aDattiloscritto | ||
| 700 | _aGiovanni Roatta | ||
| 942 | _cBK | ||
| 957 | _71 | ||
| 999 |
_a15706 _bNO _g Copie: 1 _c348012 _d348012 |
||